Catalog

Record Details

Catalog Search



Available copies

  • 1 of 1 copy available at LARL/NWRL Consortium.
  • 1 of 1 copy available at Lake Agassiz Regional Library. (Show preferred library)

Current holds

0 current holds with 1 total copy.

Show Only Available Copies
Location Call Number / Copy Notes Barcode Shelving Location Status Due Date
Crookston Public Library GUH (Text) 33500011894912 Main Available -

Record details

  • ISBN: 9780062118196 (pbk.)
  • ISBN: 0062118196 (pbk.)
  • Physical Description: 371 pages ; 17 cm.
  • Publisher: New York, NY : Avon Books, ©2014.

Content descriptions

Summary, etc.:
When the Duke of Margrave accepts her proposal of ... Read More
Subject: Heiresses > Fiction.
Husband and wife > Fiction.
Interpersonal attraction > Fiction.
Homecoming > Fiction.
London (England) > Fiction.
England > Fiction.
Genre: Love stories.
Historical fiction.
LDR 02042cam a2200481Ia 4500
001167394
003LARL_NWRL_CONSORTIUM
00520140613103214.0
008130912s2014 nyu 000 f eng d
0167 . ‡a016642242 ‡2Uk
020 . ‡a9780062118196 (pbk.)
020 . ‡a0062118196 (pbk.)
035 . ‡a(OCoLC)857966856
043 . ‡ae-uk-en
08204. ‡a813/.54 ‡223
1001 . ‡aGuhrke, Laura Lee. ‡0(LARL_NWRL_CONSORTIUM)136569
24510. ‡aHow to lose a duke in ten days ‡n#2 / ‡cLaura Lee Guhrke.
2463 . ‡aHow to Lose a Duke in 10 Days
260 . ‡aNew York, NY : ‡bAvon Books, ‡c©2014.
300 . ‡a371 pages ; ‡c17 cm.
336 . ‡atext ‡btxt ‡2rdacontent
337 . ‡aunmediated ‡bn ‡2rdamedia
338 . ‡avolume ‡bnc ‡2rdacarrier
4900 . ‡aAmerican heiress in London ; ‡v2
520 . ‡aWhen the Duke of Margrave accepts her proposal of a marriage of convenience, Edie, transformed from a ruined American heiress to English duchess, enjoys their arrangement until he returns from overseas, determined to win her heart and make their marriage real.
650 0. ‡aHeiresses ‡vFiction.
650 0. ‡aHusband and wife ‡vFiction. ‡0(LARL_NWRL_CONSORTIUM)172467
650 0. ‡aInterpersonal attraction ‡vFiction.
650 0. ‡aHomecoming ‡vFiction.
651 0. ‡aLondon (England) ‡vFiction. ‡0(LARL_NWRL_CONSORTIUM)165879
651 0. ‡aEngland ‡vFiction.
655 0. ‡aLove stories.
655 0. ‡aHistorical fiction.
901 . ‡a167394 ‡bOCLC ‡c167394 ‡tbiblio

Additional Resources